00399nam a2200109Ia 4500008004100000082001800041100002300059245005400082942001200136999001900148952012200167210430s9999 xx 000 0 und d a620.11 R1651M aKiddle, P F954066 aMaterials Technology for TEC Level 2cKiddle, P F cBK2ddc c564527d564527 001040708NFICaSCMEbSCMEcGENd0000-00-00l3m6o620.11 R1651MpSCME-3744r2023-05-29s2023-04-06w2021-04-30yBK